| 000 | 00649nam a2200205 a 4500 | ||
|---|---|---|---|
| 001 | 5208 | ||
| 003 | CDMR | ||
| 005 | 20131111141009.0 | ||
| 008 | 130130s1988||||||||||||||||||||||||||||d | ||
| 020 | _a0801300630 | ||
| 040 |
_aCDMR _bcat _cCDMR |
||
| 245 | 0 |
_aMedia USA _b: process and effect _cArthur Asa Berger |
|
| 260 |
_aNew York _c1988 _bLongman |
||
| 300 |
_a591 p ; _c23 cm |
||
| 490 | 0 | _aLongman series in public communication | |
| 650 | 0 | 4 |
_93267 _aMitjans de comunicació de massa _zEstats Units d'Amèrica |
| 650 | 0 | 4 |
_94312 _aEmpreses periodístiques _zEstats Units d'Amèrica |
| 700 | 1 |
_aBerger, Arthur Asa _eed. lit. _92778 |
|
| 942 |
_cMON _2udc |
||
| 999 |
_c5208 _d5208 |
||